Engineering Network Analysis and Filter Design (Record no. 1070)
[ view plain ]
| 000 -LEADER | |
|---|---|
| fixed length control field | 00343nam a2200133Ia 4500 |
| 008 - FIXED-LENGTH DATA ELEMENTS--GENERAL INFORMATION | |
| fixed length control field | 191201s2005 xx 000 0 und d |
| 100 ## - MAIN ENTRY--PERSONAL NAME | |
| Personal name | BHISE, Gopal G |
| 245 #0 - TITLE STATEMENT | |
| Title | Engineering Network Analysis and Filter Design |
| 250 ## - EDITION STATEMENT | |
| Edition statement | 1st |
| 260 ## - PUBLICATION, DISTRIBUTION, ETC. (IMPRINT) | |
| Place of publication, distribution, etc | N.Delhi |
| Name of publisher, distributor, etc | Umesh Publications |
| Date of publication, distribution, etc | 2005 |
| 300 ## - PHYSICAL DESCRIPTION | |
| Extent | 1072 |
| 650 ## - SUBJECT ADDED ENTRY--TOPICAL TERM | |
| Topical term or geographic name as entry element | B.Tech(CSE) |
| 942 ## - ADDED ENTRY ELEMENTS (KOHA) | |
| Source of classification or shelving scheme | Dewey Decimal Classification |
| Koha item type | Text Books |
| Withdrawn status | Lost status | Source of classification or shelving scheme | Damaged status | Not for loan | Collection code | Home library | Current library | Date acquired | Source of acquisition | Cost, normal purchase price | Bill Number | Total Checkouts | Full call number | Acc. no. / Barcode | Date last seen | Bill Date | Koha item type |
|---|---|---|---|---|---|---|---|---|---|---|---|---|---|---|---|---|---|
| Dewey Decimal Classification | B.Tech(ECE) | PIET C-LIBRARY | PIET C-LIBRARY | 10/08/2006 | UDH, Delhi | 255.00 | CM 4732 | 004.65 BHE | 1321 | 04/12/2019 | 22/08/2005 | Text Books | |||||
| Dewey Decimal Classification | B.Tech(ECE) | PIET C-LIBRARY | PIET C-LIBRARY | 10/08/2006 | UDH, Delhi | 255.00 | CM 4732 | 004.65 BHE | 1322 | 04/12/2019 | 22/08/2005 | Reference Books | |||||
| Dewey Decimal Classification | B.Tech(ECE) | PIET C-LIBRARY | PIET C-LIBRARY | 10/08/2006 | UDH, Delhi | 255.00 | CM 4732 | 004.65 BHE | 1323 | 04/12/2019 | 22/08/2005 | Text Books | |||||
| Dewey Decimal Classification | B.Tech(ECE) | PIET C-LIBRARY | PIET C-LIBRARY | 10/08/2006 | UDH, Delhi | 255.00 | CM 4732 | 004.65 BHE | 1324 | 04/12/2019 | 22/08/2005 | Text Books | |||||
| Dewey Decimal Classification | B.Tech(ECE) | PIET C-LIBRARY | PIET C-LIBRARY | 10/08/2006 | UDH, Delhi | 255.00 | CM 4732 | 004.65 BHE | 1325 | 04/12/2019 | 22/08/2005 | Text Books |